000 00199 a2200085 4500
082 _a307.1412 COR
100 _aCord, Louise
245 _aRural Poverty
_cLouise Cord
300 _a65-485p. :
_bill. ;
_c30 cm
650 _aRural Poverty
999 _c2054
_d2054